Las Bibliotecas públicas en Barcelona y su área / por Rosalía Guilleumas
Publicado:
San Jorge, núm. 95 (juny 1975), pàg. 14 - 24 :
MARC
| LEADER | 00000nam a2200000Ia 4500 | ||
|---|---|---|---|
| 001 | |||
| 008 | 160829s9999 xx 000 0 cat d | ||
| 100 | 1 | |a Guilleumas, Rosalia, |d 1924-2007 |9 29214 | |
| 245 | |a Las Bibliotecas públicas en Barcelona y su área / por Rosalía Guilleumas | ||
| 260 | |a San Jorge, núm. 95 (juny 1975), pàg. 14 - 24 | ||
| 590 | |a Conté 8 fotografies i el mapa de les biblioteques públiques de Barcelona. - Existeix un duplicat al volum Separates amb R. 17658. | ||
| 650 | |a Barcelona. Diputació. Xarxa de Biblioteques Populars |x Història |9 41641 | ||
| 901 | |a Arxiu | ||
| 942 | |n 1 | ||
| 952 | |0 0 |1 0 |4 0 |7 1 |9 50348 |a Arxiu |b Arxiu |d 2016-12-01 |l 0 |r 2016-12-01 00:00:00 |w 2016-12-01 |y ARXIU | ||
| 999 | |c 54190 |d 54190 | ||